000 00392nam a2200145Ia 4500
008 231217s9999 xx 000 0 und d
041 _aEnglish
082 _a001.642 SIN;5
100 _aSinha, Pradeep K
245 0 _aDistributed operating systems : concepts and design
260 _c1997
_bPHI
_aNew Delhi
300 _axix+743
650 _aDistributed,operating,systems
942 _cAA
999 _c172803
_d172803